000 00829nam a2200301 a 4500
001 24292
003 CO-ViMGA
008 141112s2004 ck r 000 u spa d
015 _ack - 2008 - xxxx
020 _a9789584510327
040 _aCO-ViMGA
_bspa
_cCO-ViMGA
041 _aspa
_beng
043 _an - us - - -
090 _aHORo
100 1 _aHorvarth, David
_935492
245 1 0 _aOso mandón /
_cDavid Horvarth ; traducción, Dahiam Herrmann.
250 _a1a. ed.
260 _aBogotá :
_bNorma,
_c2008.
300 _a[32] p. : il. ; 21 cm.
490 _aBuenas Noches
596 _a5 7
598 _aNEW - GRAL
650 1 4 _aCuentos infantiles estadounidenses
_9823
700 1 _aHerrmann, Dahian, tr.
_935493
917 _a6310 20080924
942 _2ddc
_cBK
999 _c32289
_d32289